Southville International School and Colleges
Your cart is empty.
  • Cart
  • Lists
    Public lists Eva Luna New books Lux_list list_1
    Your lists Log in to create your own lists
  • Log in to your account
  • Your cookies
  • Search history
Southville International School and Colleges
  • Advanced search
  • Recent comments
  • Most popular
  • Libraries

Log in to your account

Log in with GOOGLE


If you do not have an external account, but do have a local account, you can still log in:

  1. Home
  2. MARC view: High definition DVD handbook :
Normal view MARC view ISBD view

High definition DVD handbook : (Record no. 23808)

[ view plain ]
MARC details
000 -LEADER
fixed length control field 00867nam a2200241 a 4500
005 - DATE AND TIME OF LATEST TRANSACTION
control field 20140310183459.0
008 - FIXED-LENGTH DATA ELEMENTS--GENERAL INFORMATION
fixed length control field 100304s19uu xx 00 eng d
020 ## - INTERNATIONAL STANDARD BOOK NUMBER
International Standard Book Number 978071495851
050 ## - LIBRARY OF CONGRESS CALL NUMBER
Classification number TK 6680.5
Item number .J64 2007
100 ## - MAIN ENTRY--PERSONAL NAME
Personal name Johnson, Mark R.
245 ## - TITLE STATEMENT
Title High definition DVD handbook :
Remainder of title producing for HD DVD and blu-ray disc /
Statement of responsibility, etc Mark R. Johnson, Charles G. Crawford, Christen M. Armbrust.
260 ## - PUBLICATION, DISTRIBUTION, ETC. (IMPRINT)
Place of publication, distribution, etc New York :
Name of publisher, distributor, etc McGraw-Hill,
Date of publication, distribution, etc c2007.
300 ## - PHYSICAL DESCRIPTION
Extent (various pages) :
Other physical details ill. ;
Dimensions 24 cm.
521 ## - TARGET AUDIENCE NOTE
Target audience note
650 ## - SUBJECT ADDED ENTRY--TOPICAL TERM
Topical term or geographic name as entry element Digital video.
General subdivision Handbooks, manuals, etc.
650 ## - SUBJECT ADDED ENTRY--TOPICAL TERM
Topical term or geographic name as entry element DVD
General subdivision video discs
-- Handbooks, manuals, etc.
650 ## - SUBJECT ADDED ENTRY--TOPICAL TERM
Topical term or geographic name as entry element High definition HD DVD
General subdivision Handbooks, manuals, etc.
650 ## - SUBJECT ADDED ENTRY--TOPICAL TERM
Topical term or geographic name as entry element Blu-ray disc.
General subdivision Handbooks, manuals, etc.
700 ## - ADDED ENTRY--PERSONAL NAME
Personal name Crawford, Charles G.
700 ## - ADDED ENTRY--PERSONAL NAME
Personal name Armbrust, Christen M.
942 ## - ADDED ENTRY ELEMENTS (KOHA)
Koha item type Books
Source of classification or shelving scheme Library of Congress Classification
Call number prefix Foreign
Holdings
Withdrawn status Lost status Source of classification or shelving scheme Damaged status Home library Current library Shelving location Date acquired Source of acquisition Cost, normal purchase price Total Checkouts Full call number Barcode Date last seen Copy number Price effective from Koha item type
    Library of Congress Classification   College Library College Library General Circulation Section 03/04/2010 Donation 3717.00   TK 6680.5 .J64 2007 C10948 05/15/2018 1 10/18/2013 Books

High definition DVD handbook :

APA

Johnson M. R., Crawford C. G. & Armbrust C. M. (2007). High definition DVD handbook. New York: McGraw-Hill.

Chicago

Johnson Mark R, Crawford Charles G and Armbrust Christen M. 2007. High definition DVD handbook. New York: McGraw-Hill.

Harvard

Johnson M. R., Crawford C. G. and Armbrust C. M. (2007). High definition DVD handbook. New York: McGraw-Hill.

MLA

Johnson Mark R, Crawford Charles G and Armbrust Christen M. High definition DVD handbook. New York: McGraw-Hill. 2007.

  • Place hold
  • Print
  • Cite
  • Add to your cart (remove)
  • Save record
    BIBTEX Dublin Core MARCXML MARC (non-Unicode/MARC-8) MARC (Unicode/UTF-8) MARC (Unicode/UTF-8, Standard) MODS (XML) RIS
  • More searches
    Search for this title in:
    Other Libraries (WorldCat) Other Databases (Google Scholar) Online Stores (Bookfinder.com) Open Library (openlibrary.org)

Exporting to Dublin Core...

SOUTHVILLE LIBRARY

Southville International School and Colleges Library

1281 Tropical Ave. Cor. Luxembourg St., BF Homes International, Las Pinas City

Tel. No. 8256374 / 252358 Loc. 117/146

Powered by Koha